000 00447nam a2200157Ia 4500
008 220805s9999 xx 000 0 und d
020 _a978-81-86149-26-7
041 _amar
082 _a954.0350924
100 _aKardale, Asha
_988791
260 _aPune
_bMenaka
_c2010
245 _aअ प्रिन्सिस रिमेम्बर्स (A Princess Remembers)
250 _a1
300 _a266
650 _aIndia Jaipur Princess
_988792
999 _c48852
_d48852